| 000 | 00895nam a2200301Ia 4500 | ||
|---|---|---|---|
| 001 | Para_3687 | ||
| 003 | CHAP | ||
| 008 | 220125s1943 xx 000 0 und d | ||
| 010 | _a201836 | ||
| 040 | _cCHAP | ||
| 082 | _aPA-C 632.951 S67 | ||
| 100 |
_aPersing, C. O _987316 |
||
| 245 |
_aChemical control of snails in citrus groves / _c C. O. Persing |
||
| 260 |
_aRiverside, Calif : _b University of California. College of Agriculture |
||
| 300 | _a3 h. | ||
| 440 |
_aNews letter; 22 _9166784 |
||
| 500 | _aEncuadernado con otros impresos similares | ||
| 650 |
_aCítricos _x Plagas _924458 |
||
| 650 |
_aDDT (insecticida) _931376 |
||
| 650 |
_aFertilizantes para cítricos _940616 |
||
| 901 | _aPA-C 632.951 S67 | ||
| 902 | _aA | ||
| 905 | _a0000001943 RIV 0000000000 00 | ||
| 910 | _a1943 | ||
| 942 | _cPARA | ||
| 942 |
_cPARA _d1 |
||
| 999 |
_c201836 _d201836 |
||